000
00235nam a2200097Ia 4500
008
120527s9999 xx 000 0 und d
100
_a
JOHNSON,Jerry.
245
_a
Discovering calculus with derive.
260
_b
John Wiley
942
_c
BK
999
_c
23910
_d
23910